Tratamiento procesal del allanamiento en el proceso civil

Bibliographic Details
Main Author: Carbonell Tabeni, Joaqun̕
Other Authors: Fernǹdez-Ballesteros, Miguel aÌ‚Angel (pr.)
Format: Unknown
Language:Spanish
Published: Barcelona : Bosch Editor, 2008
Subjects:
Online Access:Acceso restringido

MARC

LEADER 00000ny a22000003n 4500
005 20110615152837.0
008 200907r2008 sp |||||s|||||||||||spa d
020 |a 9788476988251 
035 |a 3351 
040 |a CaPaEBR  |d vLex 
080 |a 347.944(460) 
090 |c 740  |d 740 
100 1 |a Carbonell Tabeni, Joaqun̕ 
245 1 0 |a Tratamiento procesal del allanamiento en el proceso civil  |h [Recurso electrn̤ico]  |c Joaqun̕ Carbonell Tabeni ; prl̤ogo de Miguel ǹgel Fernǹdez-Ballesteros 
256 |a Servicio en ln̕ea 
260 |a Barcelona :  |b Bosch Editor,  |c 2008 
300 |a 257 p. ;  |c cm 
506 1 |a Contenido solo disponible en los productos indicados  |d vLex Global  |d vLex Global (Academic Edition, excluding Law Schools)  |d vLex Global (U.S. Academic Edition, Law Schools)  |d vLex Global (U.S. Academic Edition, excluding Law Schools)  |d vLex Global (Academic Edition, Law Schools) 
650 0 7 |a Proceso civil  |2 Tesauro vLex 
650 0 7 |a Allanamiento  |2 Tesauro vLex 
700 1 |a Fernǹdez-Ballesteros, Miguel aÌ‚Angel,  |e pr. 
740 0 |a vLex Libros (Servicios en ln̕ea) 
856 4 0 |u http://vlex.com/source/3351  |z Acceso restringido 
942 |c BOOK 
999 0 |a Civil procedure  |b Barcelona